000 00543nam a2200229Ia 4500
003 OSt
005 20220924135441.0
006 a|||||r|||| 00| 0
007 ta
008 220923b |||||||| |||| 00| 0 ben d
024 _a291245
037 _cTextual
040 _aARTS
_cARTS
_bben
041 _2ben
_aben
082 _aO157w, K2
100 _aGhosh
_9104906
245 0 _aSampadaker vaithake
260 _c1962
650 _aBENGALI LITERATURE
942 _hO157w, K2
_cTEXL
_2CC
999 _c440757
_d440757